000 00562nam a2200193 i 4500
001 76090
003 ES-MaACL
005 20230906172721.0
007 t|
008 040929s1943 sp ||||1| spa d
100 1 _aGreen, Julien.
_959843
245 1 0 _aLeviathan
_b: novela /
_cJulien Green.
260 _a[S.l. :
_bs.n.,
_c1943] (
_eBarcelona :
_fAgustín Núñez)
300 _a261 p., 1 lám. ;
_c18 cm.
490 1 _aColección La Pléyade
830 0 _aColección La Pléyade
_9231276
852 _aES-MaACL
_jF-1073
_bR.20341
999 _c76090
_d76090